00650 2200241 4500001002100000005001500021035002000036245007800056100001800134250000600152300003500158700001300193260004100206082001300247084001900260020002200279650002200301990001700323990001700340990001700357990001700374990001700391INLIS00000000000029420180926110601 a0010-09180001481 aSejarah Indonesia 9 :bZaman Orde Baru /cEko Praptanto; Editor, Fidelara0 aEko Praptanto a- avi, 80 hlm. :bilus. ;c25 cm.0 aFidelara aj :bPT Bina Sumber Daya MIPA,c2010 a959.8037 a959.8037 EKO s a978-979-050-023-5 aSejarah Orde Baru a01238/P/2018 a01239/P/2018 a01240/P/2018 a01241/P/2018 a01242/P/2018